Who bought Scotland? (Record no. 100341)
[ view plain ]
| 000 -LEADER | |
|---|---|
| fixed length control field | 00882cam a2200241 4500 |
| 001 - CONTROL NUMBER | |
| control field | WB3614-07 |
| 008 - FIXED-LENGTH DATA ELEMENTS--GENERAL INFORMATION | |
| fixed length control field | 000000n2000 000 0 eng u |
| 035 ## - SYSTEM CONTROL NUMBER | |
| System control number | (Sirsi) u105251 |
| 245 ## - TITLE STATEMENT | |
| Title | Who bought Scotland? |
| 260 ## - PUBLICATION, DISTRIBUTION, ETC. | |
| Date of publication, distribution, etc. | 2000 |
| 490 ## - SERIES STATEMENT | |
| Series statement | Scotsman |
| Volume/sequential designation | Supplement 3 April 2000;4 April 2000; 5 April 2000 and 6 April 2000 (LOAN) |
| 520 ## - SUMMARY, ETC. | |
| Summary, etc. | 1 - 4 in an 8 part series reviewing recent Scottish property deals based on data held by the Registers of Scotland. Part 1 Glasgow; Part 2 Lanark; Dumfries; Kirkcudbright and Wigton;Part 3 Ayrshire, Renfrew, Dumbarton and Argyll and Part 4 Aberdeen, Inverness and the North. |
| 590 ## - LOCAL NOTE (RLIN) | |
| Local note | WB |
| 650 ## - SUBJECT ADDED ENTRY--TOPICAL TERM | |
| Topical term or geographic name entry element | SCOTLAND |
| 650 ## - SUBJECT ADDED ENTRY--TOPICAL TERM | |
| Topical term or geographic name entry element | PROPERTY TRANSACTIONS |
| 650 ## - SUBJECT ADDED ENTRY--TOPICAL TERM | |
| Topical term or geographic name entry element | DEALS |
| 650 ## - SUBJECT ADDED ENTRY--TOPICAL TERM | |
| Topical term or geographic name entry element | GLASGOW |
| 650 ## - SUBJECT ADDED ENTRY--TOPICAL TERM | |
| Topical term or geographic name entry element | DUMFRIES |
| 650 ## - SUBJECT ADDED ENTRY--TOPICAL TERM | |
| Topical term or geographic name entry element | ABERDEEN |
| 650 ## - SUBJECT ADDED ENTRY--TOPICAL TERM | |
| Topical term or geographic name entry element | INVERNESS |
| 690 ## - LOCAL SUBJECT ADDED ENTRY--TOPICAL TERM (OCLC, RLIN) | |
| Topical term or geographic name as entry element | PROPERTY-COMMERCIAL PROPERTY |
| 942 ## - ADDED ENTRY ELEMENTS (KOHA) | |
| Suppress in OPAC | 0 |
| Withdrawn status | Lost status | Source of classification or shelving scheme | Damaged status | Not for loan | Home library | Current library | Shelving location | Date acquired | Total Checkouts | Barcode | Date last seen | Date last checked out | Copy number | Price effective from | Koha item type |
|---|---|---|---|---|---|---|---|---|---|---|---|---|---|---|---|
| Dewey Decimal Classification | London | London | News article | 06/04/2000 | 1 | 30060174 | 06/08/2019 | 26/07/2000 | 1 | 06/08/2019 | News article | ||||
| Dewey Decimal Classification | London | London | News article | 06/04/2000 | 1 | 30060178 | 06/08/2019 | 26/07/2000 | 2 | 06/08/2019 | News article | ||||
| Dewey Decimal Classification | London | London | News article | 06/04/2000 | 1 | 30060166 | 06/08/2019 | 26/07/2000 | 3 | 06/08/2019 | News article | ||||
| Dewey Decimal Classification | London | London | News article | 06/04/2000 | 1 | 30060170 | 06/08/2019 | 26/07/2000 | 4 | 06/08/2019 | News article |